Ursula Benincasa o una experiencia de Dios / (Record no. 145689)

MARC details
000 -LEADER
campo de control de longitud fija 00614nam a2200193 i 4500
001 - NÚMERO DE CONTROL
campo de control 145689
003 - IDENTIFICADOR DE NÚMERO DE CONTROL
campo de control ES-MaACL
005 - FECHA Y HORA DE LA ÚLTIMA TRANSACCIÓN
campo de control 20251012173944.0
007 - CAMPO FIJO DE DESCRIPCIÓN FÍSICA--INFORMACIÓN GENERAL
campo de control de longitud fija t|
008 - DATOS DE LONGITUD FIJA--INFORMACIÓN GENERAL
campo de control de longitud fija 071016s1967 sp ||||1| spa d
080 ## - NÚMERO DE LA CLASIFICACIÓN DECIMAL UNIVERSAL
Número de la Clasificación Decimal Universal 92(Benincasa, Ursula)
100 1# - ENTRADA PRINCIPAL--NOMBRE DE PERSONA
Nombre de persona Veny Ballester, Antonio.
9 (RLIN) 113931
245 10 - MENCIÓN DEL TÍTULO
Título Ursula Benincasa o una experiencia de Dios /
Mención de responsabilidad, etc. Antonio Veny Ballester.
260 ## - PUBLICACIÓN, DISTRIBUCIÓN, ETC.
Lugar de publicación, distribución, etc. Zaragoza :
Nombre del editor, distribuidor, etc. [s.n.],
Fecha de publicación, distribución, etc. 1967 (
Fabricante Tall. Ed. El Noticiero)
300 ## - DESCRIPCIÓN FÍSICA
Extensión 343 p. :
Otras características físicas il. ;
Dimensiones 21 cm.
600 04 - PUNTO DE ACCESO ADICIONAL DE MATERIA--NOMBRE DE PERSONA
Nombre de persona Benincasa, Orsola,
Fechas asociadas al nombre ca. 1550-1618
9 (RLIN) 27593
852 ## - LOCALIZACIÓN
Ubicación ES-MaACL
Número de control de estantería C-33491
Sublocalización o colección R.64185
Holdings
Estatus retirado Estado de pérdida Estado de daño No para préstamo Biblioteca de origen Biblioteca actual Ubicación en estantería Fecha de adquisición Fuente de adquisición Total de préstamos Signatura topográfica completa Código de barras Visto por última vez Precio de reemplazo Tipo de ítem Koha
        Biblioteca del Ateneo de Madrid Biblioteca del Ateneo de Madrid Depósito 2 17/01/2008     C-33491 1152078 23/02/2023 23/02/2023 Libro impreso